Statistics for Country Neighbour Connect: Furthest from Equator, starting with World's Furthest from Equator

Click here to take the quiz!

General Stats

  • This quiz has been taken 126 times
  • The average score is 137 of 154

Answer Stats

Country% Correct
Finland
100%
Norway
100%
Russia
100%
Sweden
100%
Austria
99%
Belarus
99%
Belgium
99%
Czech Republic
99%
Denmark
99%
Estonia
99%
France
99%
Germany
99%
Hungary
99%
Latvia
99%
Lithuania
99%
Luxembourg
99%
Netherlands
99%
Poland
99%
Slovakia
99%
Switzerland
99%
Ukraine
99%
Bosnia and Herzegovina
97%
Croatia
97%
Serbia
97%
Slovenia
97%
Albania
96%
Armenia
96%
Azerbaijan
96%
Bulgaria
96%
China
96%
Georgia
96%
Greece
96%
Iran
96%
Kazakhstan
96%
Kosovo
96%
Kyrgyzstan
96%
Macedonia
96%
Moldova
96%
Mongolia
96%
Montenegro
96%
North Korea
96%
Romania
96%
South Korea
96%
Tajikistan
96%
Turkey
96%
Turkmenistan
96%
Uzbekistan
96%
Afghanistan
93%
Algeria
93%
Bhutan
93%
Brunei
93%
Burma
93%
Cambodia
93%
East Timor
93%
Egypt
93%
India
93%
Indonesia
93%
Iraq
93%
Israel
93%
Jordan
93%
Kuwait
93%
Laos
93%
Lebanon
93%
Libya
93%
Malaysia
93%
Morocco
93%
Nepal
93%
Oman
93%
Pakistan
93%
Qatar
93%
Saudi Arabia
93%
Syria
93%
Thailand
93%
Tunisia
93%
United Arab Emirates
93%
Vietnam
93%
Yemen
93%
Bangladesh
91%
Papua New Guinea
91%
Spain
91%
Andorra
90%
Angola
90%
Benin
90%
Botswana
90%
Burkina Faso
90%
Burundi
90%
Cameroon
90%
Central African Republic
90%
Chad
90%
Côte d'Ivoire
90%
Democratic Republic of the Congo
90%
Djibouti
90%
Equatorial Guinea
90%
Eritrea
90%
Ethiopia
90%
Gabon
90%
Gambia
90%
Ghana
90%
Guinea
90%
Guinea-Bissau
90%
Ireland
90%
Lesotho
90%
Liberia
90%
Malawi
90%
Mali
90%
Mauritania
90%
Mozambique
90%
Namibia
90%
Niger
90%
Nigeria
90%
Portugal
90%
Republic of the Congo
90%
Senegal
90%
Sierra Leone
90%
South Africa
90%
South Sudan
90%
Sudan
90%
Swaziland
90%
Tanzania
90%
Togo
90%
United Kingdom
90%
Zambia
90%
Zimbabwe
90%
Kenya
88%
Rwanda
88%
Uganda
87%
Somalia
82%
Argentina
71%
Bolivia
71%
Brazil
71%
Chile
71%
Ecuador
71%
Guyana
71%
Monaco
71%
Paraguay
71%
Suriname
71%
Venezuela
71%
Canada
69%
Colombia
69%
Costa Rica
69%
Mexico
69%
Panama
69%
Peru
69%
United States
69%
Belize
68%
El Salvador
68%
Guatemala
68%
Honduras
68%
Nicaragua
68%
San Marino
68%
Uruguay
68%
Vatican City
68%
Liechtenstein
66%
Italy
65%

Score Distribution

Percentile by Number Answered

Percent of People with Each Score

Your Score History

You have not taken this quiz